Diccionario heráldico / (Record no. 184512)

MARC details
000 -LEADER
campo de control de longitud fija 00829nam a2200217 i 4500
001 - NÚMERO DE CONTROL
campo de control 184512
003 - IDENTIFICADOR DE NÚMERO DE CONTROL
campo de control ES-MaACL
005 - FECHA Y HORA DE LA ÚLTIMA TRANSACCIÓN
campo de control 20260217134822.0
008 - DATOS DE LONGITUD FIJA--INFORMACIÓN GENERAL
campo de control de longitud fija 150925m19161918sp |||| | spa d
100 1# - ENTRADA PRINCIPAL--NOMBRE DE PERSONA
Nombre de persona García Ciprés, Gregorio.
9 (RLIN) 54371
245 10 - MENCIÓN DEL TÍTULO
Título Diccionario heráldico /
Mención de responsabilidad, etc. por Gregorio García Ciprés.
260 ## - PUBLICACIÓN, DISTRIBUCIÓN, ETC.
Lugar de publicación, distribución, etc. [S.l. :
Nombre del editor, distribuidor, etc. s.n.],
Fecha de publicación, distribución, etc. 1916-1918 (
Lugar de fabricación/manufactura Huesca :
Fabricante Tip. de la Viuda de Leandro Pérez)
300 ## - DESCRIPCIÓN FÍSICA
Extensión 2 v. ;
Dimensiones 16 cm.
505 8# - NOTA DE CONTENIDO CON FORMATO
Nota de contenido con formato Contiene: [1]. Aragón [2]. Cataluña
530 ## - NOTA DISPONIBLE DE FORMULARIO FÍSICO ADICIONAL
Nota de formato físico adicional disponible Disponible en formato digital.
650 04 - PUNTO DE ACCESO ADICIONAL DE MATERIA--TÉRMINO DE MATERIA
Término de materia o nombre geográfico como elemento de entrada Heráldica-
Subdivisión de forma Diccionarios.
9 (RLIN) 13316
852 ## - LOCALIZACIÓN
Ubicación ES-MaACL
Número de control de estantería G-6408(2-3)
Nota libre Encuadernado con otras obras
Ubicación en estantería Depósito 2
856 4# - LOCALIZACIÓN Y ACCESO ELECTRÓNICOS
Identificador Uniforme de Recursos <a href="https://bvpb.mcu.es/es/consulta/registro.do?id=577718">https://bvpb.mcu.es/es/consulta/registro.do?id=577718</a>
Texto de enlace Biblioteca Virtual del Patrimonio Bibliográfico
942 ## - ELEMENTOS DE ENTRADA SECUNDARIOS (KOHA)
Fuente del sistema de clasificación o colocación Clasificación decimal universal
Holdings
Estatus retirado Estado de pérdida Estado de daño No para préstamo Colección Biblioteca de origen Biblioteca actual Ubicación en estantería Fecha de adquisición Fuente de adquisición Total de préstamos Signatura topográfica completa Código de barras Visto por última vez Precio de reemplazo Tipo de ítem Koha
        Colección digital Biblioteca del Ateneo de Madrid Biblioteca del Ateneo de Madrid Depósito 2 25/09/2015     G-6408(2-3) 1194205 23/02/2023 23/02/2023 Libro impreso